Tractor Mechanics (Record no. 2560)

MARC details
000 -LEADER
fixed length control field 00267nam a22001217a 4500
041 ## - LANGUAGE CODE
Language code of text/sound track or separate title ENG
100 ## - MAIN ENTRY--PERSONAL NAME
Personal name Nakra.C.P
245 ## - TITLE STATEMENT
Title Tractor Mechanics
260 ## - PUBLICATION, DISTRIBUTION, ETC. (IMPRINT)
Place of publication, distribution, etc New Delhi
Name of publisher, distributor, etc Dhanpat Rai Publishing
Date of publication, distribution, etc 1996
300 ## - PHYSICAL DESCRIPTION
Extent 237
650 ## - SUBJECT ADDED ENTRY--TOPICAL TERM
Topical term or geographic name as entry element FMP
856 ## - ELECTRONIC LOCATION AND ACCESS
Uniform Resource Identifier Not Ti Be Issued

No items available.

Contact Us: College of Agricultural Engineering and Technology, Dapoli, Dist.- Ratnagiri
Website: https://dbskkv.org Email: caetlibrary2015@gmail.com